Equipos de Primera División Española A-Z - Estadísticas

Estadísticas generales
  • Esta prueba ha sido intentada 102 veces
  • La puntuación promedio es 10 de 17
Estadísticas de respuestas
Letra Equipo % Correcto
B FC Barcelona / Real Betis Balompié / Burgos CF
100%
A Atlético de Madrid / Athletic Club / UD Almería / Albacete Balompié / Arenas Club / CD Alcoyano / AD Almería
95%
C RC Celta de Vigo / Cádiz CF / CD Castellón / Córdoba CF / SD Compostela / CD Condal / Cultural Leonesa
86%
G Getafe CF / Granada CF / Girona FC / Gimnàstic de Tarragona
83%
E RCD Espanyol de Barcelona / Elche CF / SD Eibar / CF Extremadura / CE Europa
83%
R Real Madrid CF / Real Sociedad de Fútbol / Real Zaragoza / Real Valladolid CF / Real Racing Club de Santander / Real Oviedo / Rayo Vallecano de Madrid / Real Murcia CF / Recreativo de Huelva / Real Burgos CF / Real Jaén CF / Real Unión de Irún
80%
L UD Las Palmas / Levante UD / CD Logroñés / CD Leganés / UE Lleida
78%
V Valencia CF / Villarreal CF
68%
H Hércules de Alicante CF / SD Huesca
66%
D RC Deportivo de La Coruña / Deportivo Alavés
60%
S Sevilla FC / R Sporting de Gijón / UD Salamanca / CE Sabadell FC
60%
O CA Osasuna
52%
M Real CD Mallorca / Málaga CF / CD Málaga / CP Mérida
51%
N CD Numancia de Soria
45%
T CD Tenerife / Club Atlético de Tetuán
23%
P Pontevedra CF
9%
X Xerez CD
9%
No se encontraron pruebas coincidentes
Distribución de puntuación
Porcentaje de gente con cada puntuación
Porcentaje por número respondido
Historial de tus puntuaciones
No has intentado esta prueba.